Pontivy - Choix multiples - Statistiques

Statistiques générales
  • Ce quiz a été pris 47 fois
    45 depuis la dernière actualisation
  • Le résultat moyen est 5 sur 10
Statistiques - réponses
Question Réponse % Correct
Comment s'est appelée Pontivy à plusieurs reprises ? Napoléonville
85%
Quel fleuve passe à Pontivy ? Le Blavet
72%
Comment appelle t-on les habitants de Pontivy ? Les pontivyens et pontivyennes
69%
Qu'est ce que la Kerlenn Pondi ? Un groupe de musique bretonne
69%
Laquelle de ces photos ne représente pas Pontivy ?
59%
Laquelle de ces chapelles est la Chapelle Sainte-Tréphine, située au lieu-dit Sainte Tréphine à Pontivy ?
44%
Quelle commune a été rattachée à Pontivy en 1805 ? Stival
44%
Sous le Premier Empire, Pontivy ... était une place forte militaire importante.
38%
Qu'est ce que le "saut des poissonniers", coutume observée à Pontivy de 1461 à 1675 ? Le saut et la traversée du fleuve local à la nage par les poissonniers.
31%
Laquelle de ces anecdotes historiques est fausse ? Au Moyen-Âge la foire de Pontivy était un lieu de passage incontournable des commerçants en route vers Rennes.
10%
Aucun quiz correspondant
Distribution des résultats
% des personnes avec chaque résultat
Percentile par nombre de réponses
Votre historique - résultats
Vous n’avez pas pris ce quiz depuis la dernière actualisation